MARC details
| 000 -LEADER |
| fixed length control field |
02360nam a22003977a 4500 |
| 001 - CONTROL NUMBER |
| control field |
105964 |
| 003 - CONTROL NUMBER IDENTIFIER |
| control field |
KnowledgeUnlatched |
| 005 - DATE AND TIME OF LATEST TRANSACTION |
| control field |
20210303104932.0 |
| 006 - FIXED-LENGTH DATA ELEMENTS--ADDITIONAL MATERIAL CHARACTERISTICS |
| fixed length control field |
m o d |
| 007 - PHYSICAL DESCRIPTION FIXED FIELD--GENERAL INFORMATION |
| fixed length control field |
cr u|||||||||| |
| 008 - FIXED-LENGTH DATA ELEMENTS--GENERAL INFORMATION |
| fixed length control field |
210129p20192020xx o u00| u ger d |
| 037 ## - SOURCE OF ACQUISITION |
| Institution to which field applies |
BiblioBoard |
| 020 ## - INTERNATIONAL STANDARD BOOK NUMBER |
| International Standard Book Number |
9783412512385 |
| 024 8# - OTHER STANDARD IDENTIFIER |
| Standard number or code |
https://doi.org/10.7788/9783412512385 |
| 029 1# - OTHER SYSTEM CONTROL NUMBER (OCLC) |
| OCLC library identifier |
https://library.biblioboard.com/ext/api/media/bdaec7a9-fb22-44cf-b145-e3ee1c1ce7db/assets/thumbnail.jpg |
| 040 ## - CATALOGING SOURCE |
| Original cataloging agency |
ScCtBLL |
| Transcribing agency |
ScCtBLL |
| 245 00 - TITLE STATEMENT |
| Title |
Illuminierte Urkunden. Beiträge aus Diplomatik, Kunstgeschichte und Digital Humanities / Illuminated Charters. Essays from Diplomatic, Art History and Digital Humanities |
| Remainder of title |
Illuminated Charters. Essays from Diplomatic, Art History and Digital Humanities / |
| Statement of responsibility, etc. |
Gabriele Bartz, Markus Gneiß. |
| 264 #1 - PRODUCTION, PUBLICATION, DISTRIBUTION, MANUFACTURE, AND COPYRIGHT NOTICE |
| Name of producer, publisher, distributor, manufacturer |
Böhlau, |
| 300 ## - PHYSICAL DESCRIPTION |
| Extent |
1 online resource (1 p.) |
| 490 1# - SERIES STATEMENT |
| Series statement |
Beihefte zum Archiv für Diplomatik, Schriftgeschichte, Siegel- und Wappenkunde, Band 16 |
| 506 0# - RESTRICTIONS ON ACCESS NOTE |
| Terms governing access |
Access copy available to the general public. |
| Standardized terminology for access restriction |
Unrestricted |
| Source of term |
star |
| 520 ## - SUMMARY, ETC. |
| Summary, etc. |
Illuminated documents have long been treated as research stepchildren. Not least because of the use of digital aids, they have increasingly come into the public eye in the past decade. The newly awakened research interest focuses on the changed performativity of certificates through the addition of decorative elements. The richly illustrated volume presents essays by researchers from eleven countries who examine illuminated certificates from different perspectives of their disciplines. |
| 588 0# - SOURCE OF DESCRIPTION NOTE |
| Source of description note |
Description based on print version record. |
| 590 ## - LOCAL NOTE (RLIN) |
| Local note |
KU Open Services |
| 650 #7 - SUBJECT ADDED ENTRY--TOPICAL TERM |
| Topical term or geographic name entry element |
History / Europe |
| Source of heading or term |
bisacsh |
| 650 #0 - SUBJECT ADDED ENTRY--TOPICAL TERM |
| Topical term or geographic name entry element |
History |
| 655 #0 - INDEX TERM--GENRE/FORM |
| Genre/form data or focus term |
Electronic books. |
| 700 1# - ADDED ENTRY--PERSONAL NAME |
| Personal name |
Bartz, Gabriele |
| Relator term |
editor. |
| 700 1# - ADDED ENTRY--PERSONAL NAME |
| Personal name |
Gneiß, Markus |
| Relator term |
editor. |
| 758 ## - |
| -- |
Is found in: |
| -- |
Knowledge Unlatched |
| -- |
https://openresearchlibrary.org/module/2774bc74-146a-484f-a7ba-ab1d6a09bbfb |
| 830 0# - SERIES ADDED ENTRY--UNIFORM TITLE |
| Uniform title |
Beihefte zum Archiv für Diplomatik, Schriftgeschichte, Siegel- und Wappenkunde, Band 16 |
| 856 40 - ELECTRONIC LOCATION AND ACCESS |
| Uniform Resource Identifier |
<a href="https://openresearchlibrary.org/content/bdaec7a9-fb22-44cf-b145-e3ee1c1ce7db">https://openresearchlibrary.org/content/bdaec7a9-fb22-44cf-b145-e3ee1c1ce7db</a> |
| Public note |
View this content on Open Research Library. |
| -- |
0 |